| 000 | 00636nam a22002057a 4500 | ||
|---|---|---|---|
| 999 |
_c61797 _d61797 |
||
| 005 | 20240513165725.0 | ||
| 008 | 240513s2006 enk||||| |||| 00| 0 eng d | ||
| 020 | _a9781903734605x | ||
| 041 | _aeng | ||
| 080 | _a616.1 M-12 | ||
| 100 |
_aMacGregor, Graham _922082 |
||
| 245 |
_aFast Facts :Hypertension / _cGraham MacGregor, Norman Kaplan. |
||
| 250 | _aThird edition | ||
| 264 |
_aOxford : _bHealth Press, _c2006. |
||
| 300 |
_a92 p.: _bill.; _c21 cm. |
||
| 653 | _aჰიპერტენზია | ||
| 653 | _aმედიცინა | ||
| 700 |
_aKaplan, Norman _eავტორი _922083 |
||
| 942 |
_2udc _cᲬᲘᲒᲜᲘ |
||